Văn kiện hội nghị lần thứ bảy ban chấp hành trung ương khóa XI : Lưu hành nội bộ

Gardado en:
Detalles Bibliográficos
Formato: Sách
Idioma:Undetermined
Publicado:  Chính trị Quốc gia - Sự thật  2013
Những chủ đề:
Các nhãn: Engadir etiqueta
Sen Etiquetas, Sexa o primeiro en etiquetar este rexistro!
Thư viện lưu trữ: Trung tâm Thư viện - Trường Đại học Công nghiệp TP. Hồ Chí Minh
LEADER 00553nam a2200133Ia 4500
001 UIH_02887
008 231011s9999 xx 000 0 und d
082 |a  324.2597075 
245 0 |a  Văn kiện hội nghị lần thứ bảy ban chấp hành trung ương khóa XI : Lưu hành nội bộ 
260 |b  Chính trị Quốc gia - Sự thật 
260 |c  2013 
650 |a  Đảng Cộng sản Việt Nam;  
927 |a Sách 
980 |a Trung tâm Thư viện - Trường Đại học Công nghiệp TP. Hồ Chí Minh